000 00270nam a22001097a 4500
008 170120b xxu||||| |||| 00| 0 eng d
020 _a9780781763134
041 _aeng
080 _24TH
_a618.2
245 _aQUALITATIE RESEARCH IN NURSING
_cSTREUBERT, H.J
942 _2udc
_cBK
999 _c3266
_d3266